[Event "RUS-ch Rapid 2021"]
[Site "Sochi"]
[Date "2021.10.13"]
[Round "8.20"]
[White "Antipov, Mikhail Al."]
[Black "Klukin, Kirill"]
[Result "1/2-1/2"]
[WhiteElo "2619"]
[BlackElo "2346"]
[Annotator "TA"]
[PlyCount "89"]
[EventDate "2021.10.12"]
[EventType "swiss"]
[EventCountry "RUS"]
[SourceTitle "playchess.com"]
[Source "ChessBase"]
[SourceQuality "1"]

{[%evp 9,89,16,22,17,26,18,19,26,23,21,16,18,23,21,30,23,22,24,22,0,38,54,23,0,0,0,0,0,0,-7,42,40,45,46,51,52,50,30,50,42,53,8,27,5,28,20,37,36,62,0,85,31,68,51,89,0,131,0,39,0,0,-559,238,239,232,239,222,49,49,49,50,29,29,29,29,29,29,29,29,29,29,29]} 1. e4 c5 2. Nc3 Nc6 3. Nf3 e5 4. Bc4 Be7 5. d3 d6 6. a4 {B30: Sicilian: 2...Nc6 3 Bb5, lines without ...g6.} Nf6 7. Bg5 O-O 8. Bxf6 {The position is equal.} Bxf6 9. Nd5 Be6 10. c3 Rb8 11. Qd2 a6 12. O-O {[#]} g6 $146 ({Predecessor:} 12... b5 13. axb5 axb5 14. Bb3 Bxd5 15. Bxd5 Ne7 16. Bb3 Qd7 17. g3 Nc8 18. Ra5 Nb6 {½-½ (26) Hertel,P (2654)-Voll,A (2553) ICCF email 2012}) 13. h3 Bg7 14. Ng5 Ne7 (14... Bd7 {is more complex.} 15. Rfd1 Ne7 16. Ne3 b5 17. axb5 axb5 18. Bb3 Bh6) 15. Nxe6 fxe6 16. Ne3 Qd7 17. a5 Kh8 18. Qe2 d5 19. Bb3 b5 20. axb6 $1 Rxb6 21. Ba4 Qb7 22. Ra2 Rb8 {[%cal Rb6b2]} 23. b3 Qc7 24. Re1 Rd8 25. Qg4 Rf8 26. g3 Bh6 27. Ng2 d4 28. cxd4 cxd4 29. Ree2 ({White should try} 29. Rea1 $14) 29... Qd6 {[#]} (29... Qc1+ $1 $11 30. Re1 Qc5) 30. Rac2 (30. Rec2 $1 $16) 30... Rbb8 31. h4 Rbc8 32. h5 ({Better is} 32. Rc4 $16) 32... Rg8 (32... Rc3 $11) 33. Nh4 (33. Rc4 $16) 33... Rcf8 34. hxg6 Nxg6 35. Rc6 $2 {[%mdl 8192] [#]} (35. Qh5 $1 $11 Nxh4 36. Qxh4) 35... Qxc6 $4 {[%mdl 8192]} 36. Bxc6 $18 Nf4 37. Qf3 {Hoping for Kf1.} Nh3+ 38. Kh2 $2 (38. Kf1 $18 Rxf3 39. Nxf3) 38... Rxf3 $14 39. Nxf3 Rf8 40. Nxe5 (40. Nxd4 {seems wilder.} Nf4 41. gxf4 Bxf4+ 42. Kh3 exd4 43. Ra2) 40... Rxf2+ {White has an edge.} 41. Rxf2 Nxf2 42. Kg2 Bg7 43. Kxf2 Bxe5 44. Bd7 Kg7 45. Bxe6 {Weighted Error Value: White=0.43/Black=0.38} 1/2-1/2

[Event "RUS-ch Rapid 2021"]
[Site "Sochi"]
[Date "2021.10.13"]
[Round "8.22"]
[White "Smirnov, Timofey"]
[Black "Khanin, Semen"]
[Result "0-1"]
[WhiteElo "2409"]
[BlackElo "2521"]
[Annotator "TA"]
[PlyCount "141"]
[EventDate "2021.10.12"]
[EventType "swiss"]
[EventCountry "RUS"]
[SourceTitle "playchess.com"]
[Source "ChessBase"]
[SourceQuality "1"]

{[%evp 14,141,31,19,25,3,6,0,0,0,20,0,0,-42,-39,-54,-37,-37,-27,-29,-40,-57,-8,-52,-57,-85,-50,-59,0,0,0,-14,19,0,0,0,0,0,122,128,118,108,91,-45,-43,-43,-55,-55,0,0,71,23,11,8,28,29,32,30,49,54,90,102,131,86,120,112,106,104,110,63,366,366,515,466,558,551,509,491,537,489,5089,5431,5057,3556,606,139,137,138,147,89,89,100,105,105,105,89,89,90,97,8,100,8,8,8,8,8,8,8,8,8,8,8,8,0,8,8,8,8,8,0,0,0,8,0,8,8,8,8,8,8]} 1. e4 e5 2. Nf3 Nc6 3. Bc4 Bc5 4. c3 Nf6 5. d3 d6 6. O-O a6 7. a4 {7.Re1 is a critical line.} Ba7 8. b4 O-O {C54: Giuoco Piano: 4 c3 Nf6, main lines with 5 d4 and 5 d3.} 9. Na3 Ne7 10. Nc2 Ng6 11. Be3 h6 12. Re1 {[#]} Bb8 $146 ({Predecessor:} 12... Bxe3 13. Nxe3 c6 14. a5 d5 15. exd5 cxd5 16. Bb3 Be6 17. c4 Qd6 18. c5 Qc7 {0-1 (60) Abbey,W-Seelig,J (2302) ICCF email 2015}) 13. h3 c6 14. Nd2 Re8 15. a5 d5 16. Ba2 Be6 17. Bb6 Qd6 18. Nf1 Nf4 19. Ng3 Qd7 20. Ne3 g6 (20... Bc7 $15) 21. exd5 $11 cxd5 22. Bb3 Qc8 23. Ba4 Bd7 24. Bxd7 Qxd7 25. Ne2 Nxh3+ (25... N6h5 $11) 26. gxh3 $16 Qxh3 27. Ng3 e4 28. Bd4 (28. Qe2 $16) 28... Bxg3 $15 29. fxg3 Qxg3+ 30. Kh1 Qh4+ (30... exd3 $15 31. Qd2 Re4) 31. Kg1 $11 exd3 (31... Qg3+ $11 32. Kh1 exd3) 32. Bxf6 Qxf6 33. Qxd3 Qf3 34. Qd2 Re4 35. Ng2 Rae8 36. Rxe4 dxe4 37. Rf1 Qh3 38. Qd5 Qe6 39. Qxb7 e3 40. Re1 e2 41. Qf3 {Black must now prevent Kf2.} g5 $2 {[%mdl 8192]} (41... Qc4 $1 $14) 42. Kf2 $18 Qc4 ({Much weaker is} 42... g4 43. Qf4 $18) (42... Rc8 $142 43. Rxe2 Qd6) 43. Rxe2 Rxe2+ 44. Qxe2 Qxc3 45. Qxa6 Qxb4 {intending ...Qd2+.} 46. Ne3 h5 (46... Qd2+ $142 47. Kf3 g4+ 48. Nxg4 Qd1+ 49. Kg3 Qg1+ 50. Kh3 Qh1+ 51. Nh2 Qd5 52. Qc8+ Kg7 53. Qc3+ f6) 47. Qb6 Qd2+ 48. Kf3 g4+ 49. Ke4 $2 (49. Kf4 $18 {has better winning chances.} Qh2+ 50. Kf5) 49... g3 $16 50. Qb8+ {[%mdl 64] Double Attack} Kh7 {[#]} 51. Qe5 ({Much less strong is} 51. Qxg3 $6 Qxa5 52. Nc4 (52. Nf5 Qb4+ 53. Nd4 f5+ 54. Kd5 Qa5+ 55. Kc6 Qa6+ 56. Kc5 Qa7+ 57. Kc4 Qa4+ 58. Kd5 Qa5+ 59. Ke6 Qb6+ 60. Kxf5 Qa5+ 61. Ke4 Qa8+ 62. Kf5 Qd5+ 63. Qe5 Qxe5+ 64. Kxe5 Kh8 $11) 52... Qc5 $14) (51. Qc7 $142 $1 {[%cal Rc7f7]} Qe1 52. Qxf7+ {[%mdl 64] Double Attack} Kh6 53. Qf6+ Kh7 54. Qe7+ Kh6 55. Qf6+ Kh7 56. Qf5+ Kh6 57. Qf4+ Kg6 58. Qd6+ Kh7 59. Qe7+ Kh6 60. Qe6+ Kh7 61. Qe7+) 51... g2 52. Qxh5+ Kg8 53. Qg5+ Kf8 54. Qxg2 Qxa5 55. Qb2 Qa4+ 56. Ke5 (56. Kf3 $16) 56... Qa5+ (56... f6+ $1 $11 {remains equal.} 57. Kxf6 Qh4+ 58. Kg6 Qg3+ 59. Kf5 Qf3+ 60. Kg6 Qg3+ 61. Kh6 Qh4+ 62. Kg6 Qg3+) 57. Nd5 ({White should play} 57. Kf4 $16) 57... Qe1+ $1 $11 {The position is equal.} 58. Kd6 {[%cal Rb2h8] [#]} Qe6+ 59. Kc5 {[%cal Rb2h8]} Qc8+ 60. Kd4 {aiming for Qa3+.} Qg4+ 61. Kd3 Qg3+ 62. Ne3 Qd6+ 63. Ke4 {White threatens Qh8+ and mate.} Qe6+ 64. Kf4 Qh6+ 65. Kf3 {Threatening mate with Qb8+.} Qh3+ 66. Kf4 Qh6+ 67. Ke4 {Qb8+ would kill now.} Qe6+ 68. Kd3 Qd6+ 69. Qd4 Qxd4+ 70. Kxd4 f5 71. Nxf5 {[%mdl 32768] Blacks defense is rewarded with a draw.  Weighted Error Value: White=0.37/Black=0.32. Loss on time!?} 0-1

[Event "RUS-ch Rapid 2021"]
[Site "Sochi"]
[Date "2021.10.13"]
[Round "8.23"]
[White "Gochelashvili, David"]
[Black "Trushnikov, Sergey"]
[Result "1-0"]
[WhiteElo "2400"]
[BlackElo "2525"]
[Annotator "TA"]
[PlyCount "63"]
[EventDate "2021.10.12"]
[EventType "swiss"]
[EventCountry "RUS"]
[SourceTitle "playchess.com"]
[Source "ChessBase"]
[SourceQuality "1"]

{[%evp 9,63,31,35,19,43,48,44,45,48,44,65,43,79,30,93,86,93,98,87,98,94,97,93,80,105,99,113,122,137,142,129,130,147,148,154,146,160,129,268,86,86,90,100,41,138,131,95,102,185,192,735,706,1085,864,980,932]} 1. e4 g6 2. d4 Bg7 3. Nc3 d6 4. Be3 a6 5. a4 Nc6 6. Nge2 {B06: Modern Defence.} Nf6 7. f3 h5 8. Qd2 {[#] White is slightly better.} Rb8 $146 ({Predecessor:} 8... Bd7 9. Nc1 e5 10. Nb3 O-O 11. Be2 h4 12. Rd1 Nh5 13. Nd5 exd4 14. Nxd4 Ne7 {1-0 (66) Savitskiy,S (2413)-Kozionov,K (2458) Sochi 2018}) 9. h3 h4 10. Bg5 Ng8 11. Nd5 Bh6 (11... Qd7 $11) 12. Bxh6 $16 Rxh6 13. b4 {[%cal Bb2b4,Bb4b5][%mdl 32]} e6 14. Ne3 Kf8 15. b5 Nce7 16. c4 Ra8 17. Nc3 Rh5 18. Be2 Rh7 19. O-O g5 20. f4 Ng6 21. f5 Nf4 22. fxe6 fxe6 23. Ng4 Nh6 (23... axb5 $16 24. axb5 Rxa1 25. Rxa1 Kg7) 24. e5 $2 {[#]} (24. Rxf4+ $18 gxf4 25. Qxf4+ Kg7 26. e5 (26. Rf1 e5 $18)) 24... Nxg4 25. Bxg4 dxe5 26. Ne4 (26. Rae1 $16 exd4 27. Re4) 26... Rf7 (26... Rd7 $14) 27. Rad1 axb5 28. Qb4+ ({Reject} 28. axb5 exd4 29. Qb4+ Kg8 $11) 28... Qe7 (28... Kg7 $16) 29. Qxb5 $18 Ng6 {[#]} (29... Rf5) 30. Bh5 {White is clearly winning.} Kg7 31. Bxg6 Kxg6 32. Qxe5 {Weighted Error Value: White=0.15/Black=0.32} 1-0

[Event "RUS-ch Rapid 2021"]
[Site "Sochi"]
[Date "2021.10.13"]
[Round "9.1"]
[White "Moiseenko, Vadim"]
[Black "Riazantsev, Alexander"]
[Result "1-0"]
[WhiteElo "2542"]
[BlackElo "2634"]
[Annotator "TA"]
[PlyCount "115"]
[EventDate "2021.10.12"]
[EventType "swiss"]
[EventCountry "RUS"]
[SourceTitle "playchess.com"]
[Source "ChessBase"]
[SourceQuality "1"]

{[%evp 9,115,22,23,26,27,0,0,0,0,7,0,0,75,64,67,66,71,73,60,30,33,45,92,88,84,90,120,93,112,94,96,102,103,96,94,56,54,61,64,47,75,83,101,56,90,62,123,118,169,83,86,52,180,184,367,340,578,507,636,451,476,243,359,320,397,402,834,457,548,539,576,550,770,744,960,926,938,910,969,735,710,578,1033,1017,1014,683,1006,982,939,398,452,377,460,456,474,365,482,476,450,402,427,403,572,500,890,840,29988,29989]} 1. b3 d5 2. Bb2 f6 3. d4 {[#]} Bf5 $146 ({Predecessor:} 3... Nc6 4. Nf3 Bg4 5. Nbd2 a6 6. h3 Bh5 7. g3 e6 8. Bg2 f5 9. O-O g5 10. Ne5 Nxe5 11. dxe5 {1-0 (35) Arteau,B (1948)-Mercure,G Quebec 2017}) 4. c4 e5 5. Nc3 Bb4 6. e3 {A01: Nimzowitsch-Larsen Opening.} Ne7 7. dxe5 fxe5 {[#] ...d4 is the strong threat.} 8. a3 {The position is equal.} Bxc3+ 9. Bxc3 Nbc6 10. Nf3 Bg4 (10... Qd6 $11) 11. cxd5 Nxd5 12. Bb2 Qd6 13. Be2 O-O-O 14. h3 Bh5 15. O-O Qe7 {White must now prevent ...Nxe3!} 16. Nd2 Bxe2 17. Qxe2 Nf6 18. Rac1 Qe6 19. b4 a6 20. Rc2 Rd6 21. Rfc1 Rhd8 22. Nf3 Kb8 23. Rc4 Nd7 24. Ng5 Qe7 25. Ne4 ({Avoid the trap} 25. Nxh7 $2 Nb6 $19) 25... Rg6 26. R4c2 Rc8 27. Rd2 Qe6 (27... Qh4 $14 28. Ng3 Nb6) 28. Kh1 $16 Qf5 (28... Qe7 $16) 29. Qd3 (29. f3 $18 {is more deadly.}) 29... Nb6 {next ...Rd8 is good for Black.} 30. Nc5 Qg5 {Black cannot hold the game after this.} (30... Qxd3 $14 31. Rxd3 Rd6) 31. Qe4 $18 Ka7 $2 (31... Rd6 {was worth a try.} 32. Rdc2 Qg6 33. Qxg6 Rxg6 34. Nxa6+ bxa6) 32. Rdc2 Nd8 $2 (32... Qd8 {was necessary.} 33. Nxb7 Qd5 34. Qxd5 Nxd5) 33. Bxe5 c6 34. Bd4 Ka8 35. Nd3 (35. f4 $142 Qh5 36. f5) 35... Nd7 (35... Qd5 {might work better.} 36. Qxd5 Nxd5) 36. Nf4 Rh6 37. a4 Nf6 (37... Nf7 $142 38. Ne6 Qg6 39. Qxg6 Rxg6) 38. Qf3 Qf5 39. b5 g5 {[#]} 40. Rc5 $1 Qd7 (40... Qg4 41. Nd5) 41. Rxg5 cxb5 42. Rxc8+ Qxc8 43. axb5 axb5 44. Rxb5 {[%cal Bg5b5,Bb5b1,Bb1a1][%mdl 32] Strongly threatening Ra5+.} Nc6 45. Bb6 Qe8 46. Rb1 Qe5 47. Bd4 Qf5 48. Ra1+ Kb8 49. Bxf6 (49. Qg3 $142 {Threatening mate with Nd5+.} Ne8 50. Ne6+ Kc8 51. Ra8+ Kd7 52. Nc5+ {[%mdl 64] Double Attack} Ke7 53. Qg8) 49... Qxf6 50. Qd1 Qe5 51. Qa4 Rd6 52. Qa8+ Kc7 53. Rb1 {[%csl Ga8][%cal Rb1b7]} Nd8 54. Rc1+ Nc6 55. Qg8 Qb2 (55... h6 $142 56. Rb1 Qf5) 56. Rf1 Qc2 (56... Qb5 $142) 57. Nd5+ Kd7 58. Qf7+ {Weighted Error Value: White=0.51/Black=0.49} 1-0

[Event "RUS-ch Rapid 2021"]
[Site "Sochi"]
[Date "2021.10.13"]
[Round "9.2"]
[White "Tsydypov, Zhamsaran"]
[Black "Sjugirov, Sanan"]
[Result "1/2-1/2"]
[WhiteElo "2526"]
[BlackElo "2663"]
[Annotator "TA"]
[PlyCount "148"]
[EventDate "2021.10.12"]
[EventType "swiss"]
[EventCountry "RUS"]
[SourceTitle "playchess.com"]
[Source "ChessBase"]
[SourceQuality "1"]

{[%evp 22,148,21,0,-2,0,0,-34,-14,-52,0,-19,-12,-29,-15,-56,-48,-76,-78,-71,-71,-69,-76,-71,-75,-96,-70,-130,-120,-142,-150,-138,-152,-131,-32,-53,-18,-19,-12,-78,-24,-53,-5,-84,-17,-22,0,-40,-39,-43,0,-79,-51,-69,-46,-83,0,-105,0,-162,-162,-275,-33,-407,-12,-74,0,0,0,-50,-55,-47,0,-104,-50,-143,0,0,0,0,0,-13,-13,-13,-14,-177,-170,-200,-220,-339,-362,-362,-382,-353,-370,-289,-131,-340,-121,-241,0,0,0,0,0,0,0,0,0,0,0,0,0,0,0,0,0,0,0,0,0,0,0,0,0,0,0,0,0]} 1. e4 {Hansen,Cu} c5 2. Nf3 Nc6 3. d4 cxd4 4. Nxd4 Nf6 5. Nc3 e5 6. Ndb5 d6 7. Nd5 Nxd5 8. exd5 Nb8 9. a4 Be7 10. Be2 O-O 11. O-O Nd7 12. Be3 a6 {B33: Sicilian: Pelikan and Sveshnikov Variations.} 13. Na3 f5 14. f3 f4 {Black is slightly better.} 15. Bf2 {[#]} Bh4 $146 (15... Rf6 $15) ({Predecessor:} 15... Qe8 16. Nc4 Qh5 17. Kh1 Rf6 18. g4 fxg3 19. Bxg3 Rg6 20. f4 Qh6 21. Qe1 Nf6 22. fxe5 {0-1 (29) Rowson,J (2485)-Adams,M (2670) London 1998 CBM 065 [Hansen,Cu]}) 16. Qe1 Bxf2+ 17. Qxf2 Nf6 18. Rfd1 Bf5 19. c3 Qe7 20. Nc4 g5 21. Bd3 Bxd3 22. Rxd3 g4 23. Re1 Kh8 24. Qb6 ({White should play} 24. Nd2 $15) 24... Rad8 $17 25. Kf1 Rg8 26. Ke2 gxf3+ 27. gxf3 Qd7 (27... Rg2+ $17 28. Kd1 Rxh2) 28. Kd2 $1 $15 {Black should prevent Nxe5!} Rg6 29. Kc1 Ne8 30. Qb4 (30. a5 $11) 30... Qc7 (30... Ng7 $17) 31. Rd2 Nf6 32. h4 (32. Qb6 $11 Qb8 33. Na5) 32... Nd7 (32... Rg3 $17 33. Rf1 Ng8) 33. h5 $11 Rh6 34. Kb1 Rc8 35. Na5 Nc5 36. Rh1 (36. Rg1 $11) 36... Rg8 37. Nc4 Rf6 38. Rdd1 Rf5 (38... Rg3 $17 39. Rdf1 Rf7) 39. Ka2 (39. Qb6 $11 Qxb6 40. Nxb6) 39... Rfg5 (39... Rg3 $17 40. Nd2 Rfg5) 40. Rh2 $2 (40. a5 $11) 40... Rg3 $19 41. Rf1 (41. Nd2 $142) 41... h6 $2 (41... Nd3 $19 42. Qxd6 Qxc4+ {[%mdl 64] Double Attack} 43. b3 Rg2+ {[%mdl 64] Double Attack} 44. Ka3 Qc5+ 45. Qxc5 Nxc5 46. Rxg2 Rxg2) 42. Ka3 {[%mdl 8192]} (42. Qb6 $15 Qxb6 43. Nxb6) 42... Kh7 $2 ({Black should try} 42... b5 $19 43. Qa5 Qb7) 43. Nd2 (43. Qa5 $11 {keeps the balance.} Qe7 44. Qb6) 43... Rg2 (43... b5 $17 44. Ne4 Nxe4 45. Qxe4+ Kg7) 44. Rxg2 $11 Rxg2 45. Rd1 Kg7 46. Nc4 Kf7 47. Nd2 (47. Qb6 $1 $11 Qxb6 48. Nxb6) 47... Rg3 (47... b5 $17 48. axb5 axb5) 48. Qc4 (48. a5 $15) 48... Qa5 (48... b5 $1 $17 {[%cal Rb5c4]} 49. Qb4 bxa4) 49. Ne4 Nxe4 ({Avoid the trap} 49... Rxf3 $2 50. Nxd6+ Kf8 51. Ne4 $18) 50. Qxe4 {[%mdl 4096] [#] Endgame Hoping for Qf5+. KQR-KQR} Kg7 (50... Qc5+ {keeps more tension.} 51. Ka2 Ke8 52. Rd4 b5 53. Rb4 Rg2) 51. b4 Qc7 $36 {[%mdl 2048] Black fights for an advantage.} 52. Kb3 Qf7 53. Rd3 $2 (53. Rh1 $11) 53... Qxh5 $19 54. Qc4 {White wants to play Qc7+.} Qf7 ({And not} 54... Rxf3 55. Qc7+ Kh8 56. Qc8+ Kh7 57. Qd7+ Kh8 58. Qc8+ Kh7 59. Qd7+ Kh8 60. Qc8+ $11) 55. Qc8 (55. b5 {might work better.}) 55... e4 56. Rd4 exf3 (56... Rxf3 $2 57. Qc4 $19) 57. Qc4 Rg4 58. Rd3 Rg5 (58... Kf6 $19 {is more deadly.} 59. Rxf3 Kg5) 59. Qd4+ $2 (59. Rxf3 $17 Qxd5 60. Qxd5 Rxd5 61. Rxf4) 59... Re5 $2 (59... Qf6 $19 {and Black stays clearly on top.} 60. Kc4 Rg3) 60. Ka3 (60. Rxf3 $17 {was the only defense.} Qxd5+ 61. Qxd5 Rxd5 62. Rxf4) 60... Qf5 $2 ({Better is} 60... Qh5 $19 {Strongly threatening ...Qg4.} 61. Qxf4 Rf5 62. Qd4+ Rf6) 61. Rxf3 $11 {The position is equal.} Qe4 62. Rxf4 Qxd4 63. Rxd4 {KR-KR} Re3 64. Kb3 h5 65. Kc2 Kg6 66. c4 b6 67. a5 bxa5 68. c5 axb4 {[#] And now ...Rc3+ would win.} 69. cxd6 {Threatens to win with d7.} Re8 (69... b3+ {looks sharper.} 70. Kb2 Kf7 71. Ra4 Ke8 72. Rxa6 Kd7) 70. Rxb4 Rd8 71. Rb6 h4 72. Rxa6 h3 73. Ra3 Rxd6 74. Rxh3 Rxd5 {Whites escaped into a draw.  Weighted Error Value: White=0.61/Black=0.56} 1/2-1/2

[Event "RUS-ch Rapid 2021"]
[Site "Sochi"]
[Date "2021.10.13"]
[Round "9.4"]
[White "Lysyj, Igor"]
[Black "Petrov, Nikita"]
[Result "1/2-1/2"]
[WhiteElo "2603"]
[BlackElo "2539"]
[Annotator "TA"]
[PlyCount "82"]
[EventDate "2021.10.12"]
[EventType "swiss"]
[EventCountry "RUS"]
[SourceTitle "playchess.com"]
[Source "ChessBase"]
[SourceQuality "1"]

{[%evp 16,82,14,0,0,0,5,0,0,-30,3,0,0,0,0,-4,6,8,20,0,0,-49,-33,-242,-244,-361,-368,-387,-384,-536,-520,-514,-300,-306,-309,-314,-311,-306,-302,-297,-201,-209,-204,-284,-197,-184,-160,-160,-108,-237,-79,-100,-86,-110,-125,-98,-109,-122,-54,-125,-39,-20,0,-105,0,-36,0,-93,0]} 1. d4 Nf6 2. c4 e6 3. Nf3 d5 4. g3 Bb4+ 5. Bd2 Be7 6. Bg2 O-O 7. O-O Nbd7 8. Qc2 c6 9. Bf4 b6 {E11: Bogo-Indian.} 10. Nbd2 Nh5 11. Be5 {11.e3 gains popularity.} Bb7 {The position is equal.} 12. e4 {[#]} g5 $146 ({Predecessor:} 12... f6 13. Bf4 Nxf4 14. gxf4 Re8 15. e5 Nf8 16. cxd5 cxd5 17. Bh3 f5 18. Qb3 Ng6 {½-½ (37) Gongora Reyes,M (2451)-Peralta,F (2570) Sitges 2010}) 13. cxd5 cxd5 14. Bc7 Qe8 {aiming for ...Rc8.} 15. Rac1 Rc8 16. Qd3 f6 17. Qe3 Ng7 18. Rfe1 Qf7 $1 {Strongly threatening ...Ne8.} 19. h3 $2 {[#]} (19. exd5 $15 Bxd5 20. g4) 19... Ne8 $1 $19 {[%cal Re8c7]} 20. Nh2 (20. Bf4 {might work better.} gxf4 21. Qxf4) 20... Nxc7 21. Ng4 {Nh6+ is the strong threat.} Kg7 22. Rxc7 Rxc7 23. exd5 Bxd5 24. Bxd5 exd5 25. Qxe7 Qxe7 26. Rxe7+ Rf7 27. Re8 f5 28. Ne3 f4 29. gxf4 gxf4 30. Nxd5 Rc2 31. Ne4 Re2 ({Black should try} 31... Nf8 32. h4 Rxb2) 32. Ndc3 (32. Kg2 $17) 32... Re1+ $2 (32... Rxb2 $19 {has better winning chances. Threatens to win with ...Nf6.} 33. Nd5 Rxa2) 33. Kh2 Nf8 34. Nb5 {[#]} Ng6 $1 35. Nbd6 Rf8 {And now ...Rxe8 would win.} 36. Re6 Nh4 (36... f3 $17 37. b4 Kh8) 37. Ng5 (37. Re7+ $15 Kg8 38. d5) 37... Nf3+ 38. Kg2 $15 Nh4+ (38... Rg1+ $11 39. Kxf3 Rxg5) 39. Kh2 $17 Nf3+ 40. Kg2 $15 Nh4+ (40... Rg1+ $15 41. Kxf3 Rxg5) 41. Kh2 $17 Nf3+ {Weighted Error Value: White=0.44/Black=0.31} 1/2-1/2

[Event "RUS-ch Rapid 2021"]
[Site "Sochi"]
[Date "2021.10.13"]
[Round "9.5"]
[White "Pridorozhni, Aleksei"]
[Black "Dreev, Aleksey"]
[Result "1/2-1/2"]
[WhiteElo "2564"]
[BlackElo "2635"]
[Annotator "TA"]
[PlyCount "44"]
[EventDate "2021.10.12"]
[EventType "swiss"]
[EventCountry "RUS"]
[SourceTitle "playchess.com"]
[Source "ChessBase"]
[SourceQuality "1"]

{[%evp 9,44,33,49,26,26,22,38,38,30,33,32,47,43,20,25,20,40,30,33,25,40,40,51,38,65,53,60,40,47,41,57,19,11,22,28,0,46]} 1. e4 c6 2. Nc3 d5 3. Nf3 dxe4 4. Nxe4 Nf6 5. Qe2 Na6 6. Nxf6+ {B11: Caro-Kann: Two Knights Variation.} gxf6 7. d4 h5 {[#]} 8. c3 $146 {White is slightly better.} ({Predecessor:} 8. Bd2 Bf5 9. O-O-O Qd5 10. Kb1 h4 11. h3 e6 12. Qe3 Nb4 13. Bxb4 Bxb4 14. Bd3 {0-1 (55) Frolyanov,D (2536)-Schekachikhin,M (2407) Kazan 2021}) 8... h4 9. Qe4 Qd5 10. Qxd5 cxd5 11. Bf4 Bf5 12. Bb5+ Bd7 13. Bd3 Rc8 14. Kd2 Nc7 15. g3 h3 16. Rhe1 Bh6 17. Bxh6 Rxh6 18. Nh4 Kf8 19. f4 Ne8 20. Re3 Nd6 21. Rae1 Re8 22. f5 Bc8 {Weighted Error Value: White=0.09/Black=0.07} 1/2-1/2

[Event "RUS-ch Rapid 2021"]
[Site "Sochi"]
[Date "2021.10.13"]
[Round "9.6"]
[White "Vastrukhin, Oleg"]
[Black "Alekseev, Evgeny"]
[Result "0-1"]
[WhiteElo "2382"]
[BlackElo "2602"]
[Annotator "TA"]
[PlyCount "138"]
[EventDate "2021.10.12"]
[EventType "swiss"]
[EventCountry "RUS"]
[SourceTitle "playchess.com"]
[Source "ChessBase"]
[SourceQuality "1"]

{[%evp 15,138,-28,-20,-50,-52,-45,-17,-54,-52,-58,-46,-46,-34,-43,-42,-37,-50,-64,-31,-50,-30,-62,-36,-59,-65,-68,-52,-68,-56,-73,-79,-106,-55,-77,0,-97,-86,-105,-105,-171,-144,-249,-122,-226,-221,-217,-224,-231,-211,-217,-212,-225,-219,-205,-197,-200,-195,-270,-258,-258,-247,-239,-239,-241,-234,-341,-339,-316,-316,-323,-316,-370,-370,-375,-367,-394,-347,-347,-347,-347,-337,-347,-347,-345,-326,-329,-314,-322,-314,-364,-367,-617,-630,-606,-622,-626,-623,-624,-623,-622,-597,-571,-437,-425,-407,-425,-418,-395,-346,-618,-610,-672,-691,-721,-598,-690,-633,-1485,-656,-1463,-1524,-1347,-1002,-864,-858]} 1. g3 e5 2. Bg2 d5 3. c3 c6 4. d4 exd4 5. cxd4 Bd6 6. Nc3 Nf6 7. Nf3 O-O 8. O-O Nbd7 9. Bf4 {D35: Queen's Gambit Declined: Exchange Variation.} Bxf4 10. gxf4 Ne8 11. e3 {The position is equal.} Nd6 {[#]} 12. Rc1 $146 ({Predecessor:} 12. b4 a6 13. a4 Nf6 14. Qb3 Bf5 15. Ne5 Nfe4 16. Nxe4 Nxe4 17. Ra2 Nd6 18. Rc1 {1-0 (59) Pleasants,A (1982)-Okhai,S (2114) England 2017}) 12... Nf6 13. Ne5 Bf5 14. Ne2 Be6 15. Ng3 g6 16. Nd3 Qe7 17. b3 Rae8 18. a4 Bc8 19. a5 a6 20. Kh1 Kh8 21. Ne5 Ng8 22. Qd2 Nh6 23. Qb4 Qd8 (23... f6 $17 24. Nf3 Bg4) 24. Qb6 Qe7 25. Qb4 $1 Nhf5 {Black keeps a firm grip on the game.} 26. Nxf5 Bxf5 27. Rc3 (27. Qd2 $17) 27... f6 $19 28. Nd3 (28. Nf3 $17) 28... Be4 (28... Nb5 $19 {and Black stays clearly on top. Hoping for ...Qxb4.} 29. Nc5 Nxc3 30. Qxc3 g5 31. fxg5 fxg5) 29. f3 (29. Bxe4 $17 Qxe4+ 30. f3) 29... Bf5 30. Nc5 Nb5 31. e4 Nxc3 32. Qxc3 Bc8 ({Don't do} 32... dxe4 33. fxe4 Bc8 34. Qd2) 33. Qe3 Qg7 34. Qf2 Qc7 35. Qd2 Rd8 36. e5 (36. b4 $142) 36... Rde8 37. Re1 Qf7 38. Qe3 fxe5 39. fxe5 Qf4 40. Kg1 (40. Nd3 $142 Qxe3 41. Rxe3) 40... Qxe3+ 41. Rxe3 Rf4 42. Rd3 Rh4 43. Rd2 g5 44. Bf1 Kg7 45. Kg2 Bh3+ 46. Kf2 Bxf1 47. Kxf1 {[%mdl 4096] Endgame KRR-KRN} Re7 48. Kg2 Kg6 49. Kg3 Rf4 50. h3 h5 51. Rd3 Kf5 52. b4 Rg7 53. Na4 $2 {[#]} (53. e6) 53... g4 54. fxg4+ hxg4 55. h4 Rf1 56. Nc5 Rg1+ 57. Kh2 Rb1 58. Kg3 Rh1 59. Rd2 {intending Rf2+.} Rh3+ 60. Kg2 Rf3 61. Re2 Re7 62. h5 $2 (62. e6) 62... Rf4 {Black is clearly winning.} 63. e6 Rxd4 64. Kg3 Rf4 65. Rh2 Kg5 66. h6 {[#] Strongly threatening h7.} Rf3+ 67. Kg2 {And now h7 would win.} Rh3 68. Rxh3 gxh3+ 69. Kxh3 Kxh6 {Weighted Error Value: White=0.24/Black=0.12} 0-1